Bogota - Choix multiples - Statistiques

Statistiques générales
  • Ce quiz a été pris 38 fois
  • Le résultat moyen est 5 sur 10
Statistiques - réponses
Question Réponse % Correct
Quel pays a une capitale à une altitude plus élevée que Bogotá ? Bolivie
80%
Ce musée possède la plus grande collection d'orfèvrerie préhispanique au monde. Musée de l'Or
74%
Quelle colline a une basilique au sommet ? Monserrate
63%
Cette ville abrite le centre historique de Bogotá, qui comprend la Plaza Bolívar, le Capitole national et la cathédrale. La Candelaria
54%
Chaque dimanche à Bogotá, les principales avenues sont fermées à la circulation automobile pour laisser la place à quel moyen de transport principalement ? Le vélo
49%
Quel mot est utilisé en espagnol pour désigner les habitants de Bogotá ? Rolos
43%
Quel département a Bogotá comme capitale même s'il se trouve en dehors de sa juridiction territoriale ? Cundinamarca
40%
Choisissez le club de football de Bogotá. Independiente Santa Fe
40%
Choisissez la personne célèbre qui est née à Bogotá. Catalina Sandino Moreno
37%
Qui est le fondateur de facto de Bogota ? Gonzalo Jiménez de Quesada
37%
Aucun quiz correspondant
Distribution des résultats
% des personnes avec chaque résultat
Percentile par nombre de réponses
Votre historique - résultats
Vous n’avez pas pris ce quiz